000 00454nam a2200193Ia 4500
005 20250423100606.0
008 250422s9999 xx 000 0 und d
020 _a9780618609444X
050 _aQA 152.3 .A86/
100 _aAufmann, Richard N.
245 0 _aPrealgebra and introductory algebra
250 _a2nd ed.
260 _aBoston
260 _bHoughton Mifflin
260 _c2007
300 _a863 p
650 _aAlgebra
942 _cBK
999 _c33770
_d33770